| 000 | 00558nam a2200169 i 4500 | ||
|---|---|---|---|
| 001 | 101507 | ||
| 003 | ES-MaACL | ||
| 005 | 20230906182925.0 | ||
| 007 | t| | ||
| 008 | 051019s1980 sp ||||1| spa d | ||
| 100 | 1 |
_aMedina Echavarría, José. _979734 |
|
| 245 | 1 | 3 |
_aLa Sociología como ciencia social concreta / _cJosé Medina Echevarría. |
| 260 |
_aMadrid : _bInstituto de Cooperación Iberoamericana, _c1980. |
||
| 300 |
_a193 p., 4 h. ; _c24 cm. |
||
| 710 | 2 |
_aInstituto de Cooperación Iberoamericana. _94848 |
|
| 852 |
_aES-MaACL _jL-813 _bR.101279 |
||
| 999 |
_c101507 _d101507 |
||